Normal view
MARC view
- Reich, Charles A.
Entry Personal Name
001 - CONTROL NUMBER
- control field: 153696
003 - CONTROL NUMBER IDENTIFIER
- control field: DLC
005 - DATE AND TIME OF LATEST TRANSACTION
- control field: 20260416085949.0
008 - FIXED-LENGTH DATA ELEMENTS
- fixed length control field: 801017n| azannaabn |a aaa
010 ## - LIBRARY OF CONGRESS CONTROL NUMBER
- LC control number: n 50050894
- Canceled/invalid LC control number: n 00113402
035 ## - SYSTEM CONTROL NUMBER
- System control number: (OCoLC)oca00085912
040 ## - CATALOGING SOURCE
- Original cataloging agency: DLC
- Language of cataloging: eng
- Description conventions: rda
- Transcribing agency: DLC
- Modifying agency: DLC
- Modifying agency: OCoLC
- Modifying agency: DLC
046 ## - SPECIAL CODED DATES
- Birth date: 1928-05-20
- Death date: 2019-06-15
- Source of date scheme: edtf
100 1# - HEADING--PERSONAL NAME
- Personal name: Reich, Charles A.
370 ## - ASSOCIATED PLACE
- Place of birth: Manhattan (New York, N.Y.)
- Place of death: San Francisco (Calif.)
- Source of term: naf
372 ## - FIELD OF ACTIVITY
- Field of activity: Law--Study and teaching
- Field of activity: Counterculture
- Source of term: lcsh
373 ## - ASSOCIATED GROUP
- Associated group: Yale Law School
- Source of term: naf
- Start period: 1991
- End period: 1995
- Source of information: New York times WWW site, viewed June 19, 2019
373 ## - ASSOCIATED GROUP
- Associated group: University of San Francisco. School of Law
- Source of term: naf
- Source of information: New York times WWW site, viewed June 19, 2019
373 ## - ASSOCIATED GROUP
- Associated group: University of California, Santa Barbara
- Source of term: naf
- Source of information: New York times WWW site, viewed June 19, 2019
373 ## - ASSOCIATED GROUP
- Associated group: Yale Law School
- Source of term: naf
- Start period: 1960
- End period: 1974
- Source of information: New York times WWW site, viewed June 19, 2019
374 ## - OCCUPATION
- Occupation: Law teachers
- Occupation: College teachers
- Source of term: lcsh
377 ## - ASSOCIATED LANGUAGE
- Language code: eng
378 ## - FULLER FORM OF PERSONAL NAME
- Fuller form of personal name: Charles Alan
400 1# - SEE FROM TRACING--PERSONAL NAME
- Personal name: Jui-kʻo, Chʻa-li
670 ## - SOURCE DATA FOUND
- Source citation: His Bureaucracy and the forests, 1962.
670 ## - SOURCE DATA FOUND
- Source citation: Library of Congress Manuscript Division for Black, Hugo LaFayette. Papers of Hugo LaFayette Black, 1883-1976
- Information found: (Reich, Charles Alan, b. 1928; law clerk for Supreme Court Justice Hugo Black))
670 ## - SOURCE DATA FOUND
- Source citation: Information from 678 converted Dec. 15, 2014
- Information found: (LL.B.)
670 ## - SOURCE DATA FOUND
- Source citation: New York times WWW site, viewed June 19, 2019
- Information found: (in obituary published June 17: Charles A. Reich; b. Charles Alan Reich, May 20, 1928, Manhattan; d. Saturday [June 15, 2019], San Francisco, aged 91; as a 42-year-old Yale Law School professor, swapped button-down Brooks Brothers shirts for hippie beads and vaulted to intellectual celebrity by venerating the counterculture in his manifesto The greening of America)



